000 00318nam a22001337a 4500
008 170801b xxu||||| |||| 00| 0 eng d
020 _a0444871276
041 _aeng
080 _a004
100 _a32
101 _aSHK
245 _aHARDWARE AND SOFTWARE FOR REAL TIME PROCESS CONTROL
_cZALEWSKI,J
942 _2udc
_cBK
999 _c22456
_d22456